=LDR 00000nam 2200000 4500 =001 INLIS000000000025484 =005 20130612124005 =008 ***********************************Ind** =035 ##$$0010-061300000025484 =041 ##$$a Ind =082 ##$$a 649.65 =090 ##$$a 649.65, Ber b =100 ##$$a Baraas, Faisal =245 ##$$a Beranda kita, Faisal Baraas =260 ##$$a 1987 $b Jakarta =300 ##$$a 355 hlm, ilus, 21 cm =650 ##$$a Pendidikan seks =850 ##$$a NBPNMAT